00529nam a22001697a 450000500170000001000150001702000260003203500140005803700090007208200130008110000180009424500710011225000060018326000450018927001040023430000210033820240816103449.0 aENG-141105 c350.00a9789358195606 aEN-124637 bDBAD a158.121 aJaideep Singh aLife an Act of Art:bAwakening Your Authentic Self/cBy Zile Singh a1 aUttar PradeshbBLUEROSE PUBLISHERSc2023 bUttar PradeshaABL Workspaces, B-6, Amaltash Marg, Block B, Sector 4, Noida, Uttar Pradesh e201301 a212p.c23cm(pbk)